MARC

LEADER 00000nam0a2200000 4500
001 181451
005 20231031171102.0
035 |a (RuTPU)RU\TPU\book\196701 
035 |a RU\TPU\book\133546 
090 |a 181451 
100 |a 20100607d1974 m y0rusy50 ca 
101 0 |a rus 
102 |a RU 
105 |a a z 000gb 
200 1 |a Русская поэзия XIX века  |h Т. 2  |f сост. Е. Винокуров ; сост. В. Коровин 
210 |a Москва  |c Художественная литература  |d 1974 
215 |a 702 с.  |c цв. ил. 
225 1 |a Библиотека всемирной литературы  |v Т. 106 
225 1 |a Серия вторая. Литература XIX века 
464 |a Соловьев, Владимир Сергеевич 
610 1 |a поэзия 
610 1 |a 19 век 
610 1 |a классика 
610 1 |a русская литература 
675 |a Р1  |v 3 
702 1 |a Винокуров  |b Е.  |g Евгений  |4 220 
702 1 |a Коровин  |b В.  |g Евгений  |4 220 
801 1 |a RU  |b 63413507  |c 20071016  |g PSBO 
801 2 |a RU  |b 63413507  |c 20170614  |g RCR 
942 |c BK